000 00652nam a2200229Ia 4500
003 OSt
005 20220926002634.0
006 a|||||r|||| 00| 0
007 ta
008 220923b |||||||| |||| 00| 0 eng d
037 _cGeneral Book
040 _aRTL
_cRTL
_beng
041 _2eng
_aeng
082 _aX.281.N7t4, L3
111 _aNational Council of Applied Economic Research (New Delhi)
_9306197
245 0 _aTechno-economic survey of Delhi
260 _a New Delhi
_bNCAER
_c1973
300 _axi,299p.
_ccm.
500 _aAppendix: P 277-95
942 _hX.281.N7t4, L3
_cGB
_2CC
999 _c605685
_d605685